|
|
|
|
| LEADER |
00000nab#a22000007a#4500 |
| 001 |
arbauad032469 |
| 003 |
AR-BaUAD |
| 005 |
20250711112621.0 |
| 008 |
980806|||||||||###||||||b###|0###a|spa|| |
| 040 |
|
|
|a AR-BaUAD
|c AR-BaUAD
|b spa
|
| 245 |
1 |
0 |
|a Aboud-Sodano
|b London Design Unit Art Directing Global Image Visuals
|
| 300 |
0 |
|
|b fot., il.
|
| 653 |
|
|
|a DISEÑO GRAFICO
|
| 653 |
|
|
|a ESTUDIOS PROFESIONALES
|
| 653 |
|
|
|a ABOUD-SODANO
|
| 653 |
|
|
|a REINO UNIDO
|
| 653 |
|
|
|a INGLATERRA
|
| 653 |
|
|
|a LONDRES
|
| 653 |
|
|
|a DISEÑADORES GRAFICOS
|
| 653 |
|
|
|a ABOUD, ALAN
|
| 653 |
|
|
|a SODANO, SANDRO
|
| 653 |
|
|
|a CATALOGOS
|
| 653 |
|
|
|a INDUMENTARIA ADOLESCENTE
|
| 653 |
|
|
|a INDUMENTARIA JOVEN
|
| 653 |
|
|
|a ACCESORIOS
|
| 653 |
|
|
|a TARJETAS POSTALES
|
| 773 |
0 |
|
|t IDEA
|g no. 269 [jul. 1998], p. 82-91
|
| 942 |
|
|
|c ARTI
|
| 952 |
|
|
|0 0
|1 0
|4 0
|7 0
|9 77388
|a AR-BAuAD
|b AR-BAuAD
|d 2025-07-11
|l 0
|p AAQA032469
|r 2025-07-11 11:26:21
|w 2025-07-11
|y ARTI
|
| 990 |
|
|
|a DG199
|b TD
|
| 998 |
|
|
|a AAQ
|b BIBUN76
|
| 999 |
|
|
|c 57061
|d 57061
|